000 00571nam a2200193Ia 4500
005 20250317125040.0
008 008 250317s9999 xx 000 0 eng d
020 _a0-333-72674-X
037 _aTextbook
040 _aFMSL
_beng
_cFMSL
041 _aeng
_2eng
084 _aX65.1 N8
_qFMSL
100 _aGriffith Jones (s)
_9328485
245 0 _aGlobal capital flows: Should they be regulated?
260 _aLondon
_bLondon, Macmillian press ltd.
_c1998
300 _a206p
942 _cTB
_hX65.1 N8
999 _c1257775
_d1257775